[Event "Pan American-ch School U13 12th"]
[Site "Callao"]
[Date "2023.10.21"]
[Round "9"]
[White "Wang, Aaron"]
[Black "Vasquez Florez, Yoshua Marcelo"]
[Result "1-0"]
[WhiteElo "1621"]
[BlackElo "1464"]
[PlyCount "103"]
[EventDate "2023.10.16"]
[EventType "swiss"]
[EventRounds "9"]
[EventCountry "PER"]
[SourceTitle "Mega2024 Update 01"]
[Source "Chessbase"]
[SourceDate "2023.11.12"]
[SourceVersion "1"]
[SourceVersionDate "2023.11.12"]
[SourceQuality "1"]

1. d4 d5 2. c4 e5 3. dxe5 d4 4. Nf3 Nc6 5. g3 Bb4+ 6. Bd2 Nge7 7. Bg2 Ng6 8. 0-0 Bxd2 9. Nbxd2 0-0 10. Nb3 Ncxe5 11. Nxe5 Nxe5 12. Qxd4 Qxd4 13. Nxd4 c5 14. Nb3 Nxc4 15. Nxc5 Nxb2 16. Rfc1 Bf5 17. e4 Be6 18. Rab1 Rac8 19. Rxb2 b6 20. Nd3 Rfd8 21. Rxc8 Bxc8 22. Bf1 Ba6 23. Rd2 Bb7 24. e5 Be4 25. Be2 g5 26. f3 Bg6 27. Kf2 Rd5 28. f4 gxf4 29. gxf4 Rd4 30. Kg3 h5 31. h4 Re4 32. Nf2 Re3+ 33. Kg2 Ra3 34. Bd3 Kg7 35. f5 Bh7 36. Nh3 Ra5 37. Ng5 Kg8 38. Bc4 Bxf5 39. Bxf7+ Kg7 40. Re2 Bg4 41. Re3 Kf8 42. Kg3 Ke7 43. Bb3 Ra3 44. Re4 Ra5 45. Kf4 Rc5 46. Rc4 Ra5 47. Ne4 Be6 48. Rc7+ Kd8 49. Rg7 Bxb3 50. axb3 Rb5 51. e6 Rb4 52. Ke5 1-0

[Event "Pan American-ch School U13 12th"]
[Site "Callao"]
[Date "2023.10.19"]
[Round "6"]
[White "Gomez Nunez, Fabian Elmer"]
[Black "Wang, Aaron"]
[Result "1/2-1/2"]
[WhiteElo "1318"]
[BlackElo "1621"]
[PlyCount "77"]
[EventDate "2023.10.16"]
[EventType "swiss"]
[EventRounds "9"]
[EventCountry "PER"]
[SourceTitle "Mega2024 Update 01"]
[Source "Chessbase"]
[SourceDate "2023.11.12"]
[SourceVersion "1"]
[SourceVersionDate "2023.11.12"]
[SourceQuality "1"]

1. c4 Nf6 2. Nc3 e5 3. g3 Bb4 4. Bg2 0-0 5. e3 Bxc3 6. bxc3 c6 7. Ne2 d5 8. cxd5 cxd5 9. 0-0 Nc6 10. d4 exd4 11. cxd4 Bf5 12. Nf4 Qd7 13. Ba3 Rfd8 14. Nd3 b6 15. Rc1 Rac8 16. Re1 Bh3 17. Ne5 Nxe5 18. Rxc8 Nf3+ 19. Bxf3 Rxc8 20. e4 dxe4 21. Bxe4 Nxe4 22. Rxe4 Be6 23. Qe2 Qd5 24. Re5 Qxa2 25. Qxa2 Bxa2 26. d5 f6 27. Re7 Bxd5 28. Rxa7 Rc3 29. Bb2 Rb3 30. Rd7 Rxb2 31. Rxd5 Rc2 32. Rb5 Rc6 33. Kg2 Kf7 34. Kf3 Re6 35. Kf4 Ke7 36. h4 g6 37. g4 Kd7 38. Rb1 Re5 39. Rxb6 1/2-1/2

[Event "Pan American-ch School U13 12th"]
[Site "Callao"]
[Date "2023.10.19"]
[Round "7"]
[White "Wang, Aaron"]
[Black "Choque Aparco, Esteban Abel"]
[Result "1/2-1/2"]
[WhiteElo "1621"]
[BlackElo "1277"]
[PlyCount "56"]
[EventDate "2023.10.16"]
[EventType "swiss"]
[EventRounds "9"]
[EventCountry "PER"]
[SourceTitle "Mega2024 Update 01"]
[Source "Chessbase"]
[SourceDate "2023.11.12"]
[SourceVersion "1"]
[SourceVersionDate "2023.11.12"]
[SourceQuality "1"]

1. d4 d5 2. c4 e6 3. Nf3 Nf6 4. Nc3 Nbd7 5. Bg5 Bb4 6. cxd5 exd5 7. Qc2 c5 8. dxc5 Qa5 9. Bd2 Nxc5 10. e3 a6 11. Be2 Nce4 12. Nxe4 dxe4 13. Bxb4 Qxb4+ 14. Nd2 Bf5 15. Qb3 Qxb3 16. Nxb3 Rc8 17. Nd4 Bg4 18. f3 exf3 19. gxf3 Bh3 20. Kf2 Ke7 21. Rac1 Rxc1 22. Rxc1 Rc8 23. Bc4 g6 24. e4 Nd7 25. Ke3 Nc5 26. f4 Ne6 27. Ne2 f6 28. Nc3 Nc7 1/2-1/2

[Event "Pan American-ch School U13 12th"]
[Site "Callao"]
[Date "2023.10.17"]
[Round "4"]
[White "Vasquez Navez, Mark Lenin"]
[Black "Wang, Aaron"]
[Result "1-0"]
[WhiteElo "1352"]
[BlackElo "1621"]
[PlyCount "71"]
[EventDate "2023.10.16"]
[EventType "swiss"]
[EventRounds "9"]
[EventCountry "PER"]
[SourceTitle "Mega2024 Update 01"]
[Source "Chessbase"]
[SourceDate "2023.11.12"]
[SourceVersion "1"]
[SourceVersionDate "2023.11.12"]
[SourceQuality "1"]

1. e4 c5 2. Nf3 g6 3. c4 Nc6 4. d4 cxd4 5. Nxd4 Nf6 6. Nc3 d6 7. Be2 Nxd4 8. Qxd4 Bg7 9. f3 0-0 10. Qd3 Be6 11. Be3 Qa5 12. 0-0 Rac8 13. b3 Ng4 14. Bd4 Ne5 15. Qd2 Nc6 16. Bxg7 Kxg7 17. Rfd1 Qc5+ 18. Kh1 Ne5 19. h3 Nd7 20. f4 f5 21. Bf3 fxe4 22. Nxe4 Qb6 23. Ng5 Bf7 24. Bg4 Rcd8 25. Be6 Be8 26. Bd5 Bf7 27. Bxf7 Rxf7 28. Nxf7 Kxf7 29. Qd5+ Kf8 30. Re1 Nc5 31. Qg5 Qc7 32. f5 Nd3 33. fxg6 hxg6 34. Qxg6 Nxe1 35. Rxe1 e5 36. Rf1+ 1-0